000 01007nam a2200265Ia 4500
003 OSt
005 20221005104725.0
006 a|||||r|||| 00| 0
007 ta
008 221004b |||||||| |||| 00| 0 hin d
020 _c60
024 _a8772
037 _b20477, 08/01/2014, Hindi Madhyam Karyanvyan Nideshalye
_cTextual
040 _aCRL
_cCRL
_bhin
041 _2hin
_ahin
082 _aS1, 152N3
100 _aशारदा मणी देवी
245 0 _aकिशोर मनोविज्ञान
246 _aKishor manovijnyāna
260 _aदिल्ली
_bविश्वविद्यालय हिन्दी माध्यम कार्यान्वय निदेशालय भारत
_c1993
300 _a188पृ0
_ccm.
650 _aमनोविज्ञान
942 _hS1, 152N3
_cTEXL
_2cc
999 _c1013601
_d1013601